01149cam a2200277 a 450000100100000000500170001000800410002702000150006804000230008304100380010608200180014410000380016224501580020026000340035830000210039244000410041353400610045465000310051565000350054670000430058170000330062470000440065791000340070195201210073599900150085600000397720200929150641.0901019s1982 sp 000 f spa  a8433930214 aDO-SdBNPcDLCdDLC17aspaheng2Código de idioma MARC a813.52bW464u1 aWelty, Eudora,d1909-2001.91193310aUna cortina de follaje :by otros relatos /cEurora Welty ; traducción, J. M. Álvarez Flórez y Ángela Pérez ; prólogo, Katherine Anne Porter. aBarcelona :bAnagrama,c1982. a219 p. ;c20 cm. 0aPanorama Narrativas ;vno. 21911934 aTítulo original: A curtain of green and other stories. 4aNovela estadounidense9262 4aLiteratura estadounidense92631 aÁlvarez Flórez, J. M.,etr.9119351 aPérez, Angela,etr.9119361 aPorter, Katherine Anne,epról.911937 aCatalogación por copia / LC 001052708MOaGRbGRcHDd2009-07-15iLF1l0o813.52 W464up3977-10r2020-06-25w2020-06-25y2ZPréstamo interno c3796d3796